1709 1909 1033 1403 1700 1181 1095 1726 1790 1627 1218 1303 1792 1405 1746 1731 1866 1253 1543 1856 1514 1670 1284 1978 1278 1452 1025 1314 1492 1700 1087 1691 1070 1853 1600 1855 1745 1723 1920 1102 1305 1694 1308 1148 1727 1036 1279 1768 1671 1962 1328 1384 1340 1100 1807 1458 1757 1442 1160 1864 1438 1702 1628 1065 1089 1569 1843 1489 1059 1443 1792 1978 1052 1613 1010 1100 1377 1166 1271 1304 1259 1777 1827 1285 1856 1752 1628 1196 1150 1894 1285 1610 1796 1669 1007 1427 1847 1369 1469 BCNSPRNW ULIB Ver.6.0+V

เปลี่ยนเป็นภาษาไทย

Change to English
 แสดงรายละเอียดบรรณานุกรม
  กลับหน้าหลัก

Brief Record : Get Marc (ISO 2709) : E-mail record : QR code < ปิดหน้าต่าง
LEADER : 00000nam 2200000uu 4500
001    13399125959
003     ULIB
008    020711s2560 th a 000 0 tha d
020    ^a9786161134594
060    ^aWY16^b471น
100    ^aศิริมา ลีละวงศ์ และคณะ
245    ^aแนวทางการวางแผนสืบทอดตำแหน่งสายงานพยาบาลวิชาชีพ ตามหลักธรรมาภิบาล
260    ^aนนทบุรี :^bกระทรวงสาธารณสุข,^c2560
300    ^a121 หน้า;^c30 ซม.
650    ^aพยาบาล-วิชาชีพ
650  0 ^aธรรมาภิบาล
945    ^p0^l0^i003399
999    ^aประนอม เกษจรัล
รายการนี้ยังไม่มีแท็ก
คุณยังไม่ได้ล็อกอิน คุณสามารถมีกิจกรรมร่วมกับเว็บไซต์ได้ แต่ต้องล็อกอินก่อน ::
  ล็อกอิน

รายการสื่อสารสนเทศ

ลำดับที่ ประเภท เลขเรียก/บาร์โค้ด สถานที่ สถานะ
1. วิทยาศาสตร์การแพทย์ และสุขภาพ
วิทยาศาสตร์การแพทย์ และสุขภาพ
WY16 471น ฉ.1 
  Barcode: 003399
ห้องสมุดวิทยาเขตสวรรค์ประชารักษ์
►หนังสือทั่วไป
บนชั้น

รายการใกล้เคียง
    หัวเรื่อง [พยาบาล-วิชาชีพ]
    หัวเรื่อง [ธรรมาภิบาล]

BibComment


ยังไม่เคยถูกคอมเมนท์

คอมเมนท์ทรัพยากรรายการนี้
  คอมเมนท์: แนวทางการวางแผนส..


 Copyright 2026. Bcnsprnw @Library